Balkan Songs by Picture From Music Video #2 - Statistics

General Stats
  • This quiz has been taken 55 times
  • The average score is 5 of 20
Answer Stats
Picture Answer % Correct
Jala Brat & Buba Corelli ft. Rasta - Benga po snijegu
67%
Senidah - Misici
65%
Maya Berovic - Honey
48%
THCF x Coby - Krvavi Balkan
48%
Jala Brat & Buba Corelli & Coby - Ona'e
46%
Seksi - Superstar
46%
Relja x Coby x Stoja - Samo Jako
33%
Voyage - Euforija
28%
Klinac - Pravila
26%
Nucci - Vroom
24%
Buba Corelli - Balenciaga
17%
Desingerica x Pljugica - Ficcni
17%
Elena x 2Bona - Colombiana
13%
Nikolija feat. Amna - Testo
13%
Devito - Mili Mili
9%
Sajfer x Grse - KMGR
9%
Cunami x Neloe - Transport
7%
Igor Buzov x Rasta - Dim Dva
4%
Inas x Zera - Lepadasy
4%
Biba x Coby - Zimski III Remix
0%
No matching quizzes found
Score Distribution
Percent of People with Each Score
Percentile by Number Answered
Your Score History
You have not taken this quiz